000 00935cam a2200301Ia 4500
999 _c5675
_d5675
001 38435229
003 OCoLC
005 20190108201226.0
008 980213s1990 mdug 000 0 eng d
010 _a 00502212
020 _a1884369006
020 _a9781884369001
035 _a(OCoLC)38435229
040 _aSGD
_cSGD
_dDPL
_dDLC
_dOCL
_dOCLCQ
_dBAKER
_dYDXCP
_dMOF
_dCIRBC
043 _an-us---
050 4 _aBX8773
_b.H43 1990
082 _a289.94
_bH461G
092 _a289.94
_bH4618
100 1 _aHeflin, Ruth Ward.
245 1 0 _aGlory :
_bexperiencing the atmosphere of heaven /
_cby Ruth Ward Heflin.
246 3 0 _aExperiencing the atmosphere of heaven
260 _aHagerstown, MD :
_bMcDougal Pub. Co.,
_cc1990.
300 _a223 p. :
_bmusic ;
_c21 cm.
500 _aSpine title: Glory.
650 0 _aPentecostal churches
_zUnited States
_xClergy.
650 0 _aPentecostal churches
_zUnited States.
942 _2ddc
_cBK